00979nam a2200229 i 4500001000700000003000700007005001700014008004100031017004900072020001800121040002900139100006800168245011800236260006200354300005000416336002200466337003000488338002400518600002300542651003500565852014900600196953SpMaBN20250816063156.0250225s2024 sp |||||| 000 | spa|  aM 3117-2025bOficina Depósito Legal Madrid a9788409679461 aSpMaBNbspacSpMaBNerda1 aArias-Dávila Balmaseda, Manuel, cconde de Puñonrostroeaut10aPedrarias : bleyenda negra frente a los documentos / cManuel Arias-Dávila Balmaseda, Conde de Puñonrostro. a[Madrid] : bFundación Condes de Puñonrostro, c2025. a165 páginas : bilustrado a color ; c23 cm aTexto2rdacontent asin mediación2rdamedia avolumen2rdacarrier04aPedrarias Dávila 4aEspaña-vHistoriaxColonias- aES-MaACLcDEPOJjN-10428gDedicatoria autógrafa del autorhDonación: Manuel Arias-Dávila BalmasedaxEncuadernación rústica con solapas